Spravočnik po pajke

Gespeichert in:
Bibliographische Detailangaben
Format: Buch
Sprache:Russisch
Veröffentlicht: Moskva : Mašinostrojenije, 1975
Schlagworte:
Tags: Tag hinzufügen
Keine Tags, Fügen Sie das erste Tag hinzu!

MARC

LEADER 00000nam a22000003a 4500
001 stu42261
005 20141122042236.0
008 940223s1975----xxr-----------------rus-d
040 |a STU  |b slo 
041 0 |a rus 
044 |a xxr 
080 |a 621.791.3  |7 stu_us_auth*stu6937 
245 |a Spravočnik po pajke 
260 |a Moskva :  |b Mašinostrojenije,  |c 1975 
300 |a 407 s 
650 7 |a spájkovanie  |2 stusub 
996 |b 284M055231  |c M*7724-1  |l MMKN  |s A  |a 24  |w stu42261_0001